Statistics for Roundest Countries

Click here to take the quiz!

General Stats

  • This quiz has been taken 103 times
  • The average score is 9 of 20

Answer Stats

RoundnessAnswer% Correct
0.908Vatican City
81%
0.886San Marino
70%
0.879Andorra
64%
0.923Nauru
63%
0.896Eswatini
60%
0.903Poland
57%
0.934Sierra Leone
53%
0.894Uruguay
53%
0.880Monaco
47%
0.866North Macedonia
47%
0.881Kosovo
45%
0.915Zimbabwe
38%
0.894Romania
35%
0.876Belarus
32%
0.888Ethiopia
31%
0.886Botswana
30%
0.897Suriname
18%
0.875Egypt
13%
0.899Ivory Coast
13%
0.891Sudan
7%

Score Distribution

Percentile by Number Answered

Percent of People with Each Score

Your Score History

You have not taken this quiz